00970nam a2200265 i 4500003000900000005001700009007000300026008004100029040003000070082001300100100004300113245006400156250004500220264005000265300005600315336002700371337003400398338002800432504003200460590002700492910001400519942001400533952014000547999001700687DO-SdBNP20240517111956.0ta110413s1976 dr ac 000 j spa d aDO-SdBNPbspacBNPHUerda 4bM2552221 aMallol Burgos, Elso F., 984615eautor10aAtlas de histopatología integral /cElso F. Mallol Burgos aSegunda edición, corregida y ampliada 1aSanto Domingo :bEconomato de la UASD,c1976. a557 páginas :bIlustraciones y retratos ;c26 cm. 2rdacontentatextobtxt 2rdamediaasin mediación bn 2rdacarrieravolumenbnc aBibliografía : p. 551-557 aInventariado, 2023/ YL aYLockward 2ddccLBS1 00102ddc51708PDaBNPHUbBNPHUcCTd2023-07-19eDonado por Rosalia Peñal0oBNPHU PD M255p2023-7736r2023-11-13w2023-11-13yLBS1 c55458d55458